[Event "28th WSCC Open 65 2018"]
[Site "Bled"]
[Date "2018.11.19"]
[Round "2"]
[White "Sorensen, Bent"]
[Black "Buchal, Stephan"]
[Result "0-1"]
[WhiteElo "2103"]
[BlackElo "2288"]
[Annotator "Stephan Buchal"]
[PlyCount "52"]
[EventDate "2018.??.??"]
[EventCountry "SLO"]
[Tiebreak "Cut2 Buchholz+Sum of Buchholz"]
[SourceTitle "playchess.com"]
[Source "ChessBase"]
[SourceQuality "1"]

1. Nf3 g6 2. d4 Bg7 3. e4 d6 4. Nc3 Nf6 5. Be2 O-O {89 - 90} 6. O-O c6 7. Be3
Qc7 8. Qd2 b5 9. a3 Bg4 $6 $146 {Weiß hat einen sehr zurückhaltenden Aufbau
im Pirc gewählt, so dass ich in aller Ruhe die "Idealstellung" mit ..b5 und ..
e5 einnehmen kann. Ob der Abtausch des weißfeldrigen Läufers sinnvoll ist,
möchte ich im Nachhinein bezweifeln. Aber schaden kann er auch nicht.
Jedenfalls ist es eine Neuerung an dieser Stelle.  Wahrscheinlich war es
besser, mit ..Sbd7, ..Lb7, ..e5 und evtl. ..a5 fortzufahren und gelegentlich
den Be4 aufs Korn zu nehmen.} (9... Nbd7 10. Bh6 a6 11. Bxg7 Kxg7 12. Rfe1 e5
$11 13. Rad1 Re8 14. dxe5 dxe5 15. Qd6 $6 Qb6 $5 {Schwarz steht etwas besser} (
15... Qxd6 16. Rxd6 Bb7 17. Nd2 Nc5 18. b4 Ne6 19. Nb3 Rad8 20. Red1 Rxd6 21.
Rxd6)) 10. Rfd1 Nbd7 {80 - 60} 11. Ne1 $6 (11. h3 $142 Bxf3 12. Bxf3 Rfd8)
11... Bxe2 12. Qxe2 Rfe8 13. Nd3 a6 14. f4 {bringt unerwartet Schärfe ins
Spiel. Mir war das Recht, Schwarz muss sich vor der Öfnnung der Stellung
nicht fürchten.} e5 15. Qf3 $2 ({Die kritische Variante ist sicherlich das
"normale"} 15. dxe5 dxe5 16. f5 {Ich wollte darauf mit} gxf5 17. exf5 e4 18.
Nf4 Qe5 {reagieren - in der Hoffnung, dass das schwrze Übergewicht im Zentrum
schwerer wiegt als die Schwächung der eigenen Königsstellung. Meistens
stimmt das ...}) 15... Ng4 $5 {55 - 35. Ein bekannter KI- und Pirc-Trick, der
meinem Gegner nicht geläufig war. Ich glaubte, nach dem unvermeidlichen
Abtausch des Le3 deutlich besser zu stehen.} ({Stockfish bevorzugt allerdings} 
15... exd4 16. Bxd4 c5 17. Be3 Qc6 18. Nf2 Rad8 $15 {mit der Idee ..Sb6 und ..
d5}) 16. fxe5 Nxe3 17. Qxe3 Qa7 18. Ne2 $2 (18. Qf2 $142 dxe5 19. d5 c5 $13)
18... dxe5 $17 19. c3 Re7 20. Nf2 exd4 {38 - 13} 21. cxd4 c5 22. Rac1 {(=) Mit
Remisangebot wegen meiner drohenden Zeitnot. Aber die Stellung ist schon zu
gut ...} cxd4 23. Nxd4 Ne5 24. a4 $2 bxa4 $19 25. Qa3 Rd7 {23 - 7} 26. Qc3 Rad8
0-1

[Event "28th WSCC Open 65 2018"]
[Site "Bled"]
[Date "2018.11.20"]
[Round "3"]
[White "Buchal, Stephan"]
[Black "Gundersen, Helge"]
[Result "0-1"]
[WhiteElo "2288"]
[BlackElo "2109"]
[Annotator "Stephan Buchal"]
[PlyCount "62"]
[EventDate "2018.??.??"]
[EventCountry "SLO"]
[Tiebreak "Cut2 Buchholz+Sum of Buchholz"]
[SourceTitle "playchess.com"]
[Source "ChessBase"]
[SourceQuality "1"]

1. Nf3 Nc6 2. e4 d6 3. d4 Bg4 4. Be2 e5 5. d5 Bxf3 {73 - 83} 6. Bxf3 Nd4 7. Be3
(7. Bg4 {ergibt ebenfalls leichten Vorteil, z.B.} h5 (7... c6 8. c3 (8. a4 cxd5
9. exd5 h5 10. Bh3 g5 11. g3 Qf6 12. Bg2 $14) 8... Nb5 9. dxc6 bxc6 10. Nd2 Nf6
11. Nc4 Nxg4 12. Qxg4 Qd7 13. Qe2 $14) 8. Bh3 g5 9. c3 g4 10. cxd4 gxh3 11.
gxh3 Qd7) 7... Nxf3+ 8. Qxf3 g6 9. c4 (9. Nc3 $142 {Stockfish} Bh6 10. O-O-O (
10. Bxh6 Nxh6 11. O-O-O a6 12. g3 $5 $14) 10... Bxe3+ 11. Qxe3 Nf6 12. f3 $14)
9... Bh6 10. Nc3 {Hier liebäugelte ich schon mit der Fortsetzung Lxh6 und
h2-h4.} a6 {54 - 70} 11. Bxh6 $6 {Der Beginn einer ganzen Serie von schwachen
Zügen, die auf einer falschen Einschätzung der Stellung beruhen.} (11. O-O
Bxe3 12. Qxe3 {und Spiel am Damenflügel. Das ist gesund und einfach.}) 11...
Nxh6 12. h4 f5 13. exf5 $6 (13. Qd3 $142 $11) 13... O-O $6 (13... Nxf5 $11) 14.
g4 $2 {Ich erhoffte mir von der offenen g-Linie in Verbindung mit den "starken
Feldern" auf e4 und g5 dynamisches Spiel. Als KI-Spieler hätte ich es
eigentlich besser wissen müssen. Wahrscheinlich hätte ein Blick von der
schwarzen Seite aus genügt.} (14. Ne4 Nxf5 15. O-O-O h6 $13) 14... gxf5 15.
gxf5 $2 (15. g5 Ng4 16. Rg1 e4 (16... Kh8 $6 17. O-O-O e4 18. Qg3 Ne5 19. Ne2
$16) 17. Nxe4 Qe7 18. Rxg4 fxg4 19. Qxg4 Qe5 20. Qe6+ $11) 15... Rxf5 $17 {
31 - 28} 16. Qe2 Rf4 17. O-O-O Qf6 18. Ne4 Qf5 19. Rde1 Kh8 (19... b6 $1 {
ist deutlich stärker, weil es ein für alle Mal die Option c4-c5!?
ausschaltet und damit die einzige Möglichkeit für Weiß Gegenspiel zu
erlangen. Was ich in der Partie allerdings nie "gesehen" habe.}) 20. Rhg1 $2 {
(=)} (20. c5 $142 Qd7 $15 21. Kb1) 20... Rxh4 $6 {13 - 21} (20... b6 $142 $1
$17) 21. Rh1 Qf4+ 22. Kb1 Rf8 23. b3 $2 (23. c5 $15) (23. Rxh4 Qxh4 24. c5 $15)
23... Nf5 24. Kb2 Nd4 25. Qd3 Nf3 {3 - 10} 26. Rxh4 Qxh4 27. Re3 Qf4 (27... Ng5
$19) 28. Ka3 $2 ({immer noch ist} 28. c5 {"fast Ausgleich"} dxc5 29. d6 Nd4 30.
dxc7 Rc8 31. Qc4 Rxc7 32. Qd5 Nc6 33. Qxc5 Rg7 34. a4) 28... Nd4 29. Rh3 $4
Qc1+ 30. Kb4 Nc2+ 31. Kc3 Ne1+ 0-1

[Event "28th WSCC Open 65 2018"]
[Site "Bled"]
[Date "2018.11.21"]
[Round "4"]
[White "Goncharov, Viktor"]
[Black "Buchal, Stephan"]
[Result "0-1"]
[WhiteElo "2103"]
[BlackElo "2288"]
[Annotator "Stephan Buchal"]
[PlyCount "40"]
[EventDate "2018.??.??"]
[EventCountry "SLO"]
[Tiebreak "Cut2 Buchholz+Sum of Buchholz"]
[SourceTitle "playchess.com"]
[Source "ChessBase"]
[SourceQuality "1"]
[TimeControl "40/5400+30:1800+30"]

1. d4 g6 2. c4 Bg7 3. Nc3 d6 4. e4 Nf6 5. f3 O-O {91 - 91} 6. Be3 a6 7. Qd2 Nc6
8. Nge2 Na5 {kleine Spezialität - eine Empfehlung von Kuzmin im CBM 161 
(August 2014)} 9. Nc1 Nd7 10. Be2 c5 {80 - 85} 11. O-O cxd4 {Diese Abwicklung
habe ich am Brett gefunden?! Naja ...} 12. Bxd4 Ne5 13. b3 (13. Qd1 Nac6 (13...
Nexc4 14. Bxc4 e5 15. Bxf7+ Rxf7 16. Bf2 Be6 17. Nd5 Bh6) 14. Be3 Na5 $11 (
14... f5 15. f4 Nf7 16. exf5 Bxf5 17. Nb3 Rc8 $13 {Die Engine findet die
weiße Stellung etwas besser})) 13... Nac6 14. Bf2 {Mein Gegner hat den Braten
gerochen. Kuzmin referenziert hier noch die Partie ....} (14. Be3 Qa5 {0-1 (14)
Hambleton,A (2463)-Shabalov,A (2557) Philadelphia 2013}) 14... Qa5 15. Be1 b5
$5 {72 - 56. Weiß steht ziemlich schlecht, aber Schwarz hat noch keinen
klaren Vorteil.} (15... Be6 16. Rb1 f5 17. f4 Nd7 $11) 16. cxb5 $6 (16. Rb1
bxc4 (16... Rb8 17. b4 Qd8 18. cxb5 axb5 19. Bf2 Nc4) 17. f4 Nd7 18. Bxc4 Bb7
19. N1e2 Rac8 20. Rc1 Rfe8 $11) 16... axb5 17. a4 $4 (17. Bxb5 Nd4 18. Be2 $8 (
18. Ba4 Qa7 19. Kh1 Ba6 20. N1e2 Nexf3 21. gxf3 Nxe2 22. Nxe2 Bxe2 23. Qxe2
Bxa1) 18... f5 $36 (18... Be6 $36)) 17... b4 $19 18. Nd5 Nxf3+ 19. Rxf3 Bxa1
20. Nxb4 $2 (20. Bb5 Nd4 21. Bf2 Nxb5 22. Nxe7+ Kg7 (22... Kh8 $4 23. Qh6 $11
Bg7 (23... Be6 24. Nxg6+ fxg6 25. Rxf8+ Rxf8 26. Qxf8+ Bg8 27. axb5 $16) 24.
Nxg6+ Kg8 25. Ne7+ Kh8) 23. Nd5 Bc3 $19) 20... Qc5+ {55 - 42} 0-1

[Event "28th WSCC Open 65 2018"]
[Site "Bled"]
[Date "2018.11.22"]
[Round "5"]
[White "Buchal, Stephan"]
[Black "Titz, Heimo"]
[Result "1-0"]
[WhiteElo "2288"]
[BlackElo "2161"]
[Annotator "Stephan Buchal"]
[PlyCount "103"]
[EventDate "2018.??.??"]
[EventCountry "SLO"]
[Tiebreak "Cut2 Buchholz+Sum of Buchholz"]
[SourceTitle "playchess.com"]
[Source "ChessBase"]
[SourceQuality "1"]

1. e4 c5 2. Nf3 Nc6 3. Bb5 e6 4. O-O (4. Bxc6 {habe ich mir schon öfter
angeschaut, aber noch nie auf dem Brett gehabt. Für diese Partie hatte ich
etwas anderes vorbereitet.}) 4... Nge7 5. Re1 a6 {89 - 89} 6. Bf1 (6. Bxc6 Nxc6
7. d4 cxd4 8. Nxd4 {ist meine "alte" Hauptvariante, aber gegen einen gut
vorbereiteten Gegner ziemlich unergiebig.}) 6... d5 (6... Ng6 7. c3 Be7 8. d4
cxd4 9. cxd4 d5 10. e5 {ist ganz bequem für Weiß}) 7. exd5 Nxd5 {Die
Hauptvariante.} (7... Qxd5 $6 {sieht schwächer aus. Damit gab es eine Partie
von Schachfreund Titz. Mir gefällt darauf} 8. b3 (8. Nc3 Qd8 9. d3 Nf5 10. Bg5
({auch ein guter Freund hat in dieser Variante Erfahrungen gesammelt:} 10. g3
Be7 11. Bg2 O-O 12. Ne4 Bd7 13. c3 b6 14. Bf4 Ra7 15. Qe2 Be8 16. Rad1 $14 {
1-0 (35) Willumsen,H (2165)-Spiess,T (1979) Copenhagen 2010}) 10... Be7 11.
Bxe7 Qxe7 12. Nd5 Qd8 13. Ne3 Nxe3 14. Rxe3 O-O {0-1 (47) Schweitzer,W (2056)
-Titz,H (2161) Linz 2011}) 8... Nf5 9. Bb2 (9. Bd3 $142 $5 $14 Be7 10. Nc3 Qd6
11. Na4 b5 12. Nb6 Rb8 13. Nxc8 Rxc8 14. Bb2) 9... Be7 10. Na3 O-O 11. Nc4 Qd8
12. Nce5 (12. Nfe5 Nfd4 $11) 12... Bd7 $11) 8. d4 cxd4 ({besser ist} 8... Nf6
9. Be3 cxd4 10. Nxd4 Bd7 11. c4 Nxd4 12. Bxd4 Bc6 13. Nc3 Be7 14. a3 a5 15. Qd3
O-O 16. Rad1 Qc7 17. Be5 Qb6 18. Qg3 Rfd8 19. Rxd8+ Qxd8 20. Rd1 Qb6 21. Bd4
Qb3 22. Rd3 Qc2 23. b4 axb4 24. axb4 Nh5 25. Qe5 Bf6 26. Qxh5 Bxd4 27. Rxd4
Qxc3 28. Qa5 Rf8 29. Qb6 e5 30. Rd1 g6 31. b5 Be4 32. Qf6 h5 33. h4 Bf5 34. Rd5
Qc1 35. Qxe5 Be6 36. Rd4 Ra8 37. Qe2 Kh7 38. Rd1 Qc3 39. Qe4 Ra1 40. Rxa1 Qxa1
41. c5 Qc3 42. Qxb7 Qe1 43. b6 Bc4 44. Qf3 Qxf1+ 45. Kh2 Qb1 46. b7 Qb5 47. c6
Bd5 48. Qg3 {1-0 (48) Carlsen,M (2872)-Gelfand,B (2740) London 2013 CBM 154 
[Nielsen,PH] Sehr ausführlich kommentiert von Peter Heine Nielsen in der
Megabase!}) 9. Nxd4 Be7 10. Nxc6 bxc6 {86 - 83. Hier war ich mit meinem Latein
am Ende. Nach 15-minütigem Nachdenken gefiel mir die Aufstellung mit Sc4, Ld2
und a4.} 11. Nd2 (11. c4 Nb4 12. Qe2 c5 13. Bf4 Nc6 14. Nc3 Nd4 15. Qe3 O-O (
15... Nc2 16. Qg3 Nxe1 17. Rd1 Bd7 18. Ne4 $44)) 11... O-O 12. Nc4 c5 $2 {
Stockfish möchte hier Dc7 und a5 sehen mit knappem Ausgleich für Schwarz.}
13. Bd2 a5 14. a4 Bb7 15. Ra3 $1 Bc6 $6 {66 - 66. Dies erweist sich als
Tempoverlust.} 16. Ne5 Qc7 17. Rh3 $1 {Stockfish gibt hier schon +-} Nf6 18.
Bd3 g6 19. Bc3 Bd5 {sehr langsam!} ({Stockfish empfiehlt hier bereits} 19...
Rfd8 20. Qd2 Rd4 {Wenn das am besten ist?!}) 20. Qd2 Rfd8 {24 - 50} 21. Qh6 Bf8
22. Qf4 Ne8 (22... Bg7 23. Nxg6 Qxf4 24. Nxf4 c4 25. Rg3 Ne8 26. Bf1 {ist
hoffnungslos für Schwarz}) 23. Qh4 h5 24. Nxg6 fxg6 25. Rg3 (25. Bxg6 {
ist noch kräftiger. Z.B.} Bg7 26. Bxe8 Bxc3 27. Rxc3 Rxe8 28. Rg3+ Kf8 29.
Qf6+ Qf7 30. Qh6+ Ke7 31. Rg7) 25... Bg7 {13 - 39. So weit so gut. Aber
langsam wird meine Zeit knapp und die Stellung gewinnt sich noch nicht "von
selbst".} 26. Rxg6 $6 (26. Bxg6 {ist einfacher.}) 26... Rd7 $2 (26... c4 27.
Be2 Rd7 28. Bxh5 $18) 27. Bb5 Rf7 28. Re3 Kf8 29. Reg3 $1 e5 30. Qxh5 Be4 $2 {
4 - 39} {... nur noch 4 Minuten für 10 Züge} 31. R6g4 $4 (31. Rxg7 $1 Nxg7 (
31... Rxg7 32. Qh8+ Kf7 33. Bxe8+ {hatte ich gesehen, aber ...}) 32. Qh8+ Ke7 {
hier ärgerte ich mich, dass der Ta8 gedeckt ist ...} 33. Qh4+ (33. Qh4+ Kf8
34. Qxe4 {gewinnt einfach und schnell!})) 31... Nf6 {großes Kopfschütteln
bei mir! Mal wieder eine glatte Gewinnstellung versaut ...} 32. Qh4 Nxg4 33.
Qxg4 Bf5 34. Qf3 $2 (34. Qh5 $1 {und Stockfish zeigt fast Ausgleich!!} Z0 35.
Rg5 Be6 36. Rxg7 $18) 34... Rd8 35. h4 Bxc2 $6 {1 - 25. Mein Gegner hat
massenhaft Zeit, aber spielt immer noch schnell und ungenau.} (35... Bd7 36.
Qh5 Bxb5 37. axb5 Qd6 $19) 36. Qe2 Bd1 $6 (36... Bb3 $19) 37. Qe1 Qe7 38. Bxa5
Bc2 $4 {Erstaunlicherweise steht Schwarz jetzt schon wieder schlechter!} (38...
Rd4 $1 39. Bc3 Rd6 (39... Bxa4 $2 40. Bxd4 Bxb5 41. Be3 $15) 40. Bc4 Bc2 $19)
39. Bxd8 Qxd8 40. Qc3 Qd1+ $2 {0 - 13} 41. Kh2 Rc7 42. Bc4 $2 ({Nach} 42. Qc4
$1 {nebst De6 ist Schwarz ohne Verteidigung! Ich hatte hier mehr nach
Ausgleich gesucht ....}) 42... e4 $4 {Der nächste dicke Fehler.
Offensichtlich war mein Gegner schon sehr müde.} 43. Rxg7 Rxg7 44. Qf6+ Ke8
45. Qxg7 Qd6+ {26 - 30} 46. Qg3 Qd4 47. Bb5+ Ke7 48. Qg5+ Ke6 49. Qh6+ Ke7 50.
Qe3 Qe5+ 51. g3 Bd1 52. Qg5+ 1-0

[Event "28th WSCC Open 65 2018"]
[Site "Bled"]
[Date "2018.11.23"]
[Round "6"]
[White "Leskovar, Mario"]
[Black "Buchal, Stephan"]
[Result "1/2-1/2"]
[WhiteElo "2242"]
[BlackElo "2288"]
[Annotator "Stephan Buchal"]
[PlyCount "30"]
[EventDate "2018.??.??"]
[EventCountry "SLO"]
[Tiebreak "Cut2 Buchholz+Sum of Buchholz"]
[SourceTitle "playchess.com"]
[Source "ChessBase"]
[SourceQuality "1"]
[TimeControl "40/5400+30:1800+30"]

1. b3 {Das hatte ich erwartet und mir mit Stockfishs Hilfe eine Variante
erarbeitet.} e5 2. Bb2 d6 3. e3 g6 4. d4 Bg7 5. dxe5 Nd7 {88-90} 6. Nf3 {
Die Ausgangsstellung meiner Untersuchung. Bisher hatte ich hier nur ..dxe5
oder ..Sexe5 nebst dxe5 gespielt. Stockfish empfiehlt mit dem Läufer auf e5
zu schlagen.} Nxe5 (6... dxe5 7. Nbd2 (7. Bc4 Nh6 {ist ebenfalls kompliziert.})
7... Ne7 8. Nc4 f6 9. h4 b6 10. h5 Bb7 11. hxg6 hxg6 12. Rxh8+ Bxh8 {so
spielte mein Gegner schon vor 26 Jahren gegen den jungen Topalov ... 0-1 (41)
Leskovar,M (2365)-Topalov,V (2460) Zaragoza 1992}) 7. Nxe5 Bxe5 (7... dxe5 {
Das damenlose Mittelspiel ist etwas unbequem für Schwarz.} 8. Qxd8+ Kxd8 9.
Bc4 Nh6 10. O-O $14) 8. Nc3 $1 {vermeidet den Abtausch der Schwarzfelder und
bereitet die langsame Expansion in Zentrum vor, z.B. mit Dd2, 0-0-0, f4 und e4.
} (8. Bxe5 dxe5 9. Qxd8+ Kxd8 {ist dagegen völlig ausgeglichen.}) 8... Bd7 9.
Qd2 f5 10. O-O-O {Wenn Weiß jetzt weiterkommen will, muss er irgendwann f2-f4
spielen. Darauf zeigt Stockfish die nette Idee, einfach die lange Diagonale
aufzugeben und stattdessen den Punkt e4 zu belagern.} Bc6 $2 {81-81 Ich dachte
es ist egal, ob ich erst Lc6 oder Sf6 spiele.} ({Stockfish} 10... Nf6 11. f4
Bxc3 12. Qxc3 Rf8 13. Rg1 Ne4 14. Qe1 Qe7 15. g3 a6 16. Kb1 O-O-O 17. Bc4 Bc6
$11) 11. h4 $2 {Er revanchiert sich.} (11. Bb5 $1 Ne7 12. Bxc6+ Nxc6 13. Nd5
$16) 11... Nf6 12. f4 (12. h5 $5 Nxh5 13. Be2 Nf6 (13... Ng7 $5 $11 {kleine
Änderung des Plans! Bei offener h-Linie ist der Le5 noch nützlich.}) 14. f4
Bxc3 15. Qxc3 Rf8 16. Bf3 Qd7 (16... Bxf3 17. gxf3 Qd7 18. e4 fxe4 19. fxe4
O-O-O 20. e5 Nh5 21. exd6 Nxf4 22. Qc5 $16) 17. Bxc6 bxc6 (17... Qxc6 $2 18.
Qxc6+ bxc6 19. Bxf6 Rxf6 20. Rxh7 $14) 18. Qc4 $44 {etwas unbequenm für
Schwarz?}) 12... Bxc3 13. Qxc3 Rf8 14. Rg1 Qe7 15. Bc4 h5 $2 $11 {63-52. Man
merkt an diesem Zug, dass ich im Grunde meines Herzens mit Remis zufrieden war.
Mein Gegner war mit meinem Remisangebot sofort einverstanden. Es gab hier wohl
eine echte Chance in Vorteil zu kommen:} (15... O-O-O $142 16. g3 Ng4 17. Rde1
Kb8 18. Qa5 b6 19. Qd2 Rfe8 20. a4 Qd7 $15 21. Bd4 Re7 22. Be2 Rde8 23. Bxg4
fxg4 $15) 1/2-1/2

[Event "28th WSCC Open 65 2018"]
[Site "Bled"]
[Date "2018.11.25"]
[Round "7"]
[White "Buchal, Stephan"]
[Black "Frick, Christoph"]
[Result "0-1"]
[WhiteElo "2288"]
[BlackElo "2186"]
[Annotator "Stephan Buchal"]
[PlyCount "116"]
[EventDate "2018.??.??"]
[EventCountry "SLO"]
[Tiebreak "Cut2 Buchholz+Sum of Buchholz"]
[SourceTitle "playchess.com"]
[Source "ChessBase"]
[SourceQuality "1"]
[TimeControl "40/5400+30:1800+30"]

1. e4 c6 2. d4 d5 3. e5 Bf5 4. Nf3 e6 5. Be2 c5 {92 - 92. Mist! Das spielt er
zum ersten Mal. Ich hatte mich in der Vorbereitung auf ...Sd7 und ..Se7
konzentriert.} 6. c3 ({Insbesondere die komplizierten Bauernraub-Varianten
hatte ich nicht parat, sondern nur eine "ungefähre Vorstellung", was
sicherlich zu wenig ist.} 6. Be3 Qb6 7. Nc3 Nc6 8. O-O Qxb2 9. Nb5 (9. Qe1 {
Dieser Zug ist eine "ruhige" Alternative, Vorschlag von Bologan.} cxd4 10. Bxd4
Nxd4 11. Nxd4 Bb4 12. Ndb5 Ba5 13. Rb1 (13. Na4 Bxe1 14. Nxb2 Ba5 15. c4 {
und Schwarz hat verschiene Wege zum Ausgleich ...Sh6 oder ...0-0-0 oder ...Kf8}
) 13... Qxc2 14. Rc1 Qb2 15. g4 Be4 16. f3 Bg6 17. f4 Be4 18. Rf2 Kf8 (18...
Nh6 19. Bd3 Qb4 20. Rb1 Qc5 21. Nxe4 dxe4 22. Qxa5 O-O 23. Be2 e3 24. Rff1 Rfc8
25. Qe1 Qd5 26. Rb2 f6 27. Qg3 fxe5 28. fxe5 Rf8 29. Rxf8+ Rxf8 30. Qxe3 Nf7
31. Nc3 {1-0 (30) Caruana,F (2801)-Vachier Lagrave,M (2768) Saint Louis 2014
CBM 162 [Postny,E]}) 19. Bd3 $11)) 6... Nc6 7. O-O cxd4 8. Nxd4 Nge7 (8... Nxe5
$4 9. Bb5+ Nd7 10. Nxf5 exf5 11. Re1+ Be7 12. Qxd5 $18) 9. Nxf5 Nxf5 10. Bd3 $1
Bc5 {75 - 79} (10... g6 $5 11. Qe2 Bg7 12. f4) 11. Qe2 $6 {etwas zu
schablonenhaft. Der Be5 musste noch nicht gedeckt werden, dies kann besser der
Sb1 übernehmen.} (11. Nd2 Nxe5 $2 12. Bxf5 exf5 13. Re1 f6 14. Nf3 O-O 15.
Nxe5 fxe5 16. Rxe5 $16) 11... O-O 12. Nd2 Qh4 $6 {Ein aktiver Zug, verbunden
mit einem Remisangebot.} (12... f6 $142 13. Bxf5 exf5 14. exf6 Qxf6 15. Nf3
Rfe8 16. Qb5 Qd6 17. g3 $14) 13. Nf3 (13. Kh1 $5) 13... Qh5 14. Bf4 Rae8 15. h3
$2 {Mir war klar, dass hier noch nicht g4 droht, aber ich wollte die Drohung
"potenziell" in der Stellung halten. Leider war das völlig wirkungslos} (15.
Rae1 $142 f6 16. exf6 Rxf6 17. Ne5 $16) 15... f6 {41 - 61} 16. Rae1 $6 g5 $6 (
16... Nh4 17. Nxh4 Qxh4 18. Qg4 Qxg4 19. hxg4 Nxe5 20. Bxe5 fxe5 21. Rxe5 Rf4
22. Be2 $11) 17. Bh2 g4 18. Nd2 Nh6 19. b4 Bb6 20. b5 $4 {Bis hierhin war das
alles noch ganz o.k.. Aber jetzt begehe ich einen schlimmen Rechenfehler.} ({
Nach} 20. exf6 Rxf6 21. Kh1 $1 $14 {steht Weiß immer noch etwas besser. Z.B.}
Qh4 (21... e5 $2 22. b5 Na5 23. c4 $16) 22. Bg3 Qg5 23. b5 Ne7 24. c4) 20...
Nxe5 {16 - 48 wenig Zeit und schlechte Stellung} 21. Bxe5 fxe5 22. Qxe5 Qxe5
23. Rxe5 {Ich hatte gesehen, dass 23..g3 jetzt an 24.Tg5+ scheitert und nach
23.. Sh7 24.Th5 "stark ist".} Nf7 24. Rh5 g3 $17 {Leider geht das jetzt und
Schwarz steht klar besser!} 25. c4 gxf2+ {13 - 44} 26. Kh1 Be3 $1 {Eine sehr
starke Abwicklung, nach der Christoph schon auf Gewinn steht.} 27. Nf3 dxc4 28.
Bxc4 Nd6 29. Bd3 Nf5 30. Bxf5 Rxf5 {9 - 21} 31. Rxf5 exf5 $19 32. g3 Rc8 33.
Kg2 Rc2 34. Nh4 Rxa2 35. Nxf5 Bc5 {4 - 19} 36. g4 Kf7 37. Rb1 Kf6 38. Rc1 b6
39. Ng3 Ke5 40. Rb1 (40. Rd1 {war hartnäckiger ...} {Stockfish gibt darauf
folgende Gewinnvariante} f1=Q+ 41. Kxf1 Rf2+ 42. Ke1 Rb2 43. Ne2 Rxb5 44. Rd7
a5 45. Rxh7 Rb2 46. g5 Ke4 47. Rd7 Ke3 48. Nc1 Rg2 49. Kd1 Rxg5) 40... a5 {
0 - 13. Die Zeitnot ist geschafft, aber Frick lässt mir keine Chance mehr.}
41. bxa6 Rxa6 42. Rb3 Ra1 43. Nf1 Kd5 44. g5 Ke4 45. Rg3 Kf4 {27 - 31} 46. g6
hxg6 47. Rxg6 b5 48. h4 b4 49. Rf6+ Ke5 50. Rf3 Ra3 {15 - 19} 51. Rf7 Ra7 52.
Rf3 Rg7+ 53. Ng3 Kd5 54. Kf1 Kc4 55. Ke2 b3 {6 - 12} 56. Rf4+ Kb5 57. Ne4 Re7
58. Kd3 Rxe4 0-1